| 000 | nam a22 a 4500 | ||
|---|---|---|---|
| 999 |
_c3445 _d3445 |
||
| 003 | AKMAL | ||
| 005 | 20170523085513.0 | ||
| 008 | 170522s2002 my | e | 000 0 may d | ||
| 020 |
_a9832311225 (kkt.): _cRM15.00 |
||
| 040 | _aAKMAL | ||
| 082 | 0 | 4 |
_a658.45 ABD _222 |
| 090 | 0 | 0 |
_a658.45 _bABD |
| 100 | 0 |
_aAbdullah Hassan, _d1942- _9341 |
|
| 245 | 1 | 0 |
_aKomunikasi di tempat kerja / _cAbdullah Hassan & Ainon Mohd. |
| 260 |
_aBentong, Pahang : _bPTS Publications & Distributors, _c2002 |
||
| 300 |
_a125ms. ; _c21cm. |
||
| 504 | _aBibliografi: ms. [126] | ||
| 650 | 1 | 0 |
_aCommunication in organizations _92707 |
| 650 | 2 | 0 |
_aCommunication in management _92708 |
| 700 | 0 |
_aAinon Muhammad, _d1950- _9343 |
|
| 856 | 4 | 1 |
_uftp://tag856.pnm.gov.my/tag856/buku/9832311225.pdf _yElectronic Resource |
| 942 |
_2ddc _cBOOK |
||